| 000 | 00778nam0a22002411 4500 | ||
|---|---|---|---|
| 001 | rc\2766089 | ||
| 005 | 20250529154114.0 | ||
| 035 | _a(NLR Aleph) 006892572 | ||
| 090 |
_a7162601 _c7162601 |
||
| 100 | _a20110915d1940 |||y0rusy50 ca | ||
| 101 | 0 | _arus | |
| 102 | _aRU | ||
| 105 | _aac z ||||| | ||
| 200 | 1 |
_aМузей В. И. Ленина _eФилиал при ЦК КП(б)У _eПутеводитель |
|
| 210 |
_a[Киев] _cГосполитиздат УССР _d1940 |
||
| 215 |
_a208 с., 2 вкл. л. портр., схем. _cил., портр. _d18 см. |
||
| 710 | 0 | 2 | _aМузей В. И. Ленина (Киев) |
| 801 | 0 |
_aRU _bNLR _gpsbo |
|
| 801 | 1 |
_aRU _bELAR _2rusmarc |
|
| 852 |
_aNLR _j40-2/289 |
||
| 852 |
_aNLR _j76/М-89-Укр. |
||
| 942 | _cBOOK | ||
| 980 | _aNB | ||